Normal view MARC view

Entry Topical Term

Number of records used in: 1

001 - CONTROL NUMBER

  • control field: 995

003 - CONTROL NUMBER IDENTIFIER

  • control field: PK-NaQUE

005 - DATE AND TIME OF LATEST TRANSACTION

  • control field: 20260629084808.0

008 - FIXED-LENGTH DATA ELEMENTS

  • fixed length control field: 260629|| aca||aabn | a|a d

040 ## - CATALOGING SOURCE

  • Original cataloging agency: PK-NaQUE
  • Transcribing agency: PK-NaQUE

150 ## - HEADING--TOPICAL TERM

  • Topical term or geographic name as entry element: Geometry, Analytic-Solid

670 ## - SOURCE DATA FOUND

  • Source citation: Work cat.: (PK-NaQUE)9729: Bell, R J T. 994, Coordinate Solid Geometry /, 1960.